000
00314nam a2200145Ia 4500
100
_a
ALLAN/ BARBARA PEASE
650
_a
General
942
_c
BK
366
_f
20
245
_a
YOU CAN-PEOPLE SKILLS FOR LIFE
260
_b
MANJUL PUBL.
_a
Bhopal
_c
2011
082
_a
170/ALL
300
_a
105
546
_a
ENGLISH
999
_c
34209
_d
34209